000
00439 a2200205 4500
260
_a
New-York
100
_a
Mc LAREN, Douglas A.
260
_b
Marcel Dekker
245
_a
Soil biochemistry
650
_a
<Sols>
260
_c
1967-1975
300
_b
ill. ; 24 cm
130
_l
Fr.
035
_a
261
035
_a
259
500
_a
Comprend des inde de chaque vol
999
_c
11532
_d
11532